Nákupná atmosféra vybraného maloobchodu Home You bakalárska práca
Na minha lista:
| Autor principal: | |
|---|---|
| Autor Corporativo: | |
| Outros Autores: | |
| Formato: | Livro |
| Idioma: | eslovaco |
| Publicado em: |
Košice
2021
|
| Tags: |
Sem tags, seja o primeiro a adicionar uma tag!
|
MARC
| LEADER | 00000nbm a2200000 4500 | ||
|---|---|---|---|
| 001 | 0275007 | ||
| 005 | 20220330134810.7 | ||
| 041 | 0 | |a slo | |
| 044 | |a SK | ||
| 245 | 1 | 0 | |a Nákupná atmosféra vybraného maloobchodu Home You |b bakalárska práca |c Mária Petrová ; školiteľ: Vanda Lieskovská |
| 264 | 1 | |a Košice |c 2021 | |
| 300 | |a 55 s. | ||
| 100 | 1 | |a Petrová, Mária | |
| 700 | 1 | |a Lieskovská, Vanda, 1961- | |
| 710 | 2 | |a Podnikovohospodárska fakulta EU so sídlom v Košiciach. Katedra obchodného podnikania | |